[Event "Prague Golden Blitz op 19th"]
[Site "Prague"]
[Date "2024.06.27"]
[Round "11"]
[White "Papay, Jindrich"]
[Black "Hrbek, Tomas"]
[Result "0-1"]
[WhiteElo "1855"]
[BlackElo "1894"]
[PlyCount "61"]
[EventDate "2024.06.27"]
[EventType "swiss (blitz)"]
[EventRounds "11"]
[EventCountry "CZE"]
[SourceTitle "EXT 2025"]
[Source "ChessBase"]
[SourceDate "2024.10.14"]
[SourceVersion "1"]
[SourceVersionDate "2024.10.14"]
[SourceQuality "1"]

1. f4 d5 2. Nf3 Nf6 3. g3 Bf5 4. d3 Nc6 5. Bg2 e6 6. c3 Bc5 7. b4 Bb6 8. a4 a5 9. b5 Ne7 10. Nd4 h5 11. h3 Qd7 12. Nd2 0-0-0 13. N2f3 h4 14. Ne5 Qe8 15. g4 Bh7 16. Be3 Nd7 17. Qd2 Nxe5 18. fxe5 Ng6 19. Nb3 Nxe5 20. Bd4 f6 21. Bxe5 fxe5 22. d4 exd4 23. cxd4 e5 24. 0-0 exd4 25. Kh1 Qe5 26. Nxa5 Be4 27. Nb3 Qg3 28. e3 dxe3 29. Qe2 Bxg2+ 30. Qxg2 d4 31. Qxg3 0-1

[Event "Prague Golden U20 op 19th"]
[Site "Prague"]
[Date "2024.06.23"]
[Round "2"]
[White "Hrbek, Tomas"]
[Black "Dubsky, Lukas"]
[Result "1-0"]
[WhiteElo "1944"]
[BlackElo "1682"]
[PlyCount "74"]
[EventDate "2024.06.22"]
[EventType "swiss"]
[EventRounds "7"]
[EventCountry "CZE"]
[SourceTitle "EXT 2025"]
[Source "ChessBase"]
[SourceDate "2024.10.14"]
[SourceVersion "1"]
[SourceVersionDate "2024.10.14"]
[SourceQuality "1"]

1. d4 Nf6 2. c4 e6 3. Nc3 Bb4 4. a3 Bxc3+ 5. bxc3 d5 6. e3 0-0 7. Nf3 b6 8. cxd5 exd5 9. Be2 Nbd7 10. 0-0 Bb7 11. a4 Re8 12. Qb3 Rb8 13. a5 c5 14. axb6 axb6 15. Bb5 Re6 16. Ng5 Re8 17. Ba3 h6 18. Nf3 Re6 19. Rfb1 Qc7 20. Bb2 Bc6 21. Ra6 Bxb5 22. Qxb5 Ne4 23. Rba1 Rb7 24. Ra8+ Kh7 25. c4 Nd6 26. Qb3 Nxc4 27. Qc2+ g6 28. dxc5 Nxb2 29. Qxb2 f6 30. Nd4 Qe5 31. Qb5 Nxc5 32. Nxe6 Qxe6 33. R1a7 g5 34. Rxb7+ Nxb7 35. Ra7 Qc8 36. Qa6 Qc1+ 37. Qf1 Qc8 1-0

[Event "CZE-chT1W 2324"]
[Site "Czech Republic"]
[Date "2024.04.14"]
[Round "11.8"]
[White "Hrbek, Tomas"]
[Black "Vasek, Jan"]
[Result "0-1"]
[WhiteElo "1913"]
[BlackElo "2162"]
[PlyCount "86"]
[EventDate "2023.10.29"]
[EventType "team-tourn"]
[EventRounds "11"]
[EventCountry "CZE"]
[SourceTitle "EXT 2025"]
[Source "ChessBase"]
[SourceDate "2024.10.14"]
[SourceVersion "1"]
[SourceVersionDate "2024.10.14"]
[SourceQuality "1"]
[WhiteTeam "Praha DP EA Hotels"]
[BlackTeam "Pankrac"]
[WhiteTeamCountry "CZE"]
[BlackTeamCountry "CZE"]

1. d4 Nf6 2. c4 d6 3. Nc3 c6 4. Nf3 Bg4 5. e3 Nbd7 6. Be2 e5 7. 0-0 Be7 8. b3 0-0 9. dxe5 dxe5 10. Bb2 Qc7 11. Nd2 Bf5 12. e4 Bg6 13. Qc2 Nc5 14. Rad1 Rad8 15. a3 a5 16. Rfe1 Rfe8 17. h3 Ne6 18. Nf3 Nd4 19. Nxd4 exd4 20. Nb1 Bxe4 21. Bd3 Bxd3 22. Qxd3 c5 23. Nd2 Bd6 24. Ne4 Nxe4 25. Rxe4 Rxe4 26. Qxe4 Qe7 27. Qxe7 Bxe7 28. a4 Bd6 29. Kf1 Re8 30. Bc1 h5 31. Rd3 f6 32. Rf3 Be5 33. Rd3 Kf7 34. Bd2 b6 35. Ke2 Bf4+ 36. Kd1 Bxd2 37. Kxd2 g5 38. Kd1 Kg6 39. Kd2 Re4 40. Kd1 Kf5 41. Kd2 Rf4 42. Ke2 g4 43. f3 gxf3+ 0-1

[Event "Prague Mencik Memorial 6th"]
[Site "Prague"]
[Date "2023.09.24"]
[Round "7"]
[White "Hrbek, Tomas"]
[Black "Bauma, Jiri"]
[Result "0-1"]
[WhiteElo "1797"]
[BlackElo "2120"]
[PlyCount "40"]
[EventDate "2023.09.24"]
[EventType "swiss"]
[EventRounds "9"]
[EventCountry "CZE"]
[SourceTitle "CBM 216 Extra"]
[Source "ChessBase"]
[SourceDate "2023.11.30"]
[SourceVersion "1"]
[SourceVersionDate "2023.11.30"]
[SourceQuality "1"]

1. d4 Nf6 2. c4 d6 3. Nc3 e5 4. e3 Be7 5. Nf3 Nbd7 6. Be2 0-0 7. b3 Re8 8. Bb2 Bf8 9. Qc2 c6 10. dxe5 dxe5 11. 0-0-0 Qa5 12. g4 e4 13. Nd4 Nc5 14. Nf5 Bxf5 15. gxf5 Rad8 16. Rd4 Rxd4 17. exd4 Na6 18. Kb1 Nb4 19. Qd2 Qxf5 20. Nd1 e3+ 0-1

[Event "Prague Mencik Memorial 6th"]
[Site "Prague"]
[Date "2023.09.24"]
[Round "1"]
[White "Hrbek, Tomas"]
[Black "Karas, Marek"]
[Result "0-1"]
[WhiteElo "1797"]
[BlackElo "2183"]
[PlyCount "88"]
[EventDate "2023.09.24"]
[EventType "swiss"]
[EventRounds "9"]
[EventCountry "CZE"]
[SourceTitle "CBM 216 Extra"]
[Source "ChessBase"]
[SourceDate "2023.11.30"]
[SourceVersion "1"]
[SourceVersionDate "2023.11.30"]
[SourceQuality "1"]

1. d4 Nf6 2. c4 c5 3. d5 b5 4. Qc2 e6 5. e4 bxc4 6. Bxc4 exd5 7. exd5 d6 8. Nc3 Be7 9. Nge2 0-0 10. 0-0 Nbd7 11. a3 Nb6 12. Ba2 Bb7 13. Rd1 Re8 14. Be3 Qd7 15. h3 h6 16. Ng3 Bf8 17. Rd2 g6 18. Rad1 Bg7 19. Nge2 Ba6 20. Nf4 Nc4 21. Bxc4 Bxc4 22. Na2 Bxa2 23. b3 Bxb3 24. Qxb3 Rab8 25. Qc2 Ne4 26. Rd3 Rb2 27. Qc4 Qb5 28. Qc1 c4 29. Rd4 Bxd4 30. Bxd4 Rb8 31. Nxg6 Kh7 32. Qf4 Qe8 33. Nf8+ Qxf8 34. Qxe4+ f5 35. Qe6 R2b7 36. Re1 Rf7 37. h4 Rbb7 38. h5 Qg8 39. Qxd6 Qg4 40. Qd8 Qxd4 41. d6 Qf6 42. Qe8 c3 43. Re6 Rb1+ 44. Re1 c2 0-1

[Event "Prague Autumn op 1st"]
[Site "Prague"]
[Date "2021.09.25"]
[Round "3"]
[White "Chernyy, Andrey"]
[Black "Hrbek, Tomas"]
[Result "0-1"]
[WhiteElo "1479"]
[BlackElo "1805"]
[PlyCount "44"]
[EventDate "2021.09.24"]
[EventType "swiss"]
[EventRounds "5"]
[EventCountry "CZE"]
[SourceTitle "CBM 204 Extra"]
[Source "ChessBase"]
[SourceDate "2021.11.30"]
[SourceVersion "1"]
[SourceVersionDate "2021.11.30"]
[SourceQuality "1"]

1. e4 e5 2. Nf3 Nc6 3. Bb5 Bc5 4. 0-0 Nge7 5. c3 Ng6 6. d4 exd4 7. cxd4 Bb6 8. Nc3 0-0 9. Nd5 d6 10. Nxb6 axb6 11. d5 Nce5 12. Nxe5 dxe5 13. g3 Qd6 14. b3 Bh3 15. Re1 f5 16. a4 Qf6 17. Bd7 Rad8 18. Be6+ Kh8 19. Be3 h6 20. Bxh6 gxh6 21. Qh5 Nf4 22. exf5 Nxh5 0-1

[Event "Ricany op-A"]
[Site "Ricany"]
[Date "2019.08.30"]
[Round "8"]
[White "Cermak, Jan1"]
[Black "Hrbek, Tomas"]
[Result "0-1"]
[WhiteElo "1912"]
[BlackElo "1744"]
[PlyCount "50"]
[EventDate "2019.08.24"]
[EventType "swiss"]
[EventRounds "9"]
[EventCountry "CZE"]
[SourceTitle "EXT 2020"]
[Source "ChessBase"]
[SourceDate "2019.10.17"]
[SourceVersion "1"]
[SourceVersionDate "2019.10.17"]
[SourceQuality "1"]

1. e4 e5 2. Nf3 Nf6 3. Nxe5 d6 4. Nf3 Nxe4 5. Nc3 Nxc3 6. dxc3 Be7 7. Be3 0-0 8. Qd2 Nc6 9. 0-0-0 Rb8 10. h4 Bf6 11. Ng5 Ne5 12. f3 b5 13. Bd3 h6 14. Ne4 Be6 15. Kb1 b4 16. Nxf6+ Qxf6 17. cxb4 Nxd3 18. cxd3 a5 19. bxa5 Rb5 20. Rc1 Rfb8 21. Rc2 Qf5 22. Qc3 Rxa5 23. a3 Rb3 24. g4 Qb5 25. Qxc7 Rbxa3 0-1

[Event "EU-ch U12 26th"]
[Site "Prague"]
[Date "2016.08.19"]
[Round "2"]
[White "Tsvetkov, Andrey1"]
[Black "Hrbek, Tomas"]
[Result "1-0"]
[WhiteElo "2096"]
[BlackElo "1633"]
[PlyCount "77"]
[EventDate "2016.08.18"]
[EventType "swiss"]
[EventRounds "9"]
[EventCountry "CZE"]
[SourceTitle "CBM 174 Extra"]
[Source "ChessBase"]
[SourceDate "2016.10.10"]
[SourceVersion "1"]
[SourceVersionDate "2016.10.10"]
[SourceQuality "1"]

1. d4 d5 2. c4 e6 3. Nf3 Nf6 4. Nc3 Nbd7 5. Bf4 c5 6. e3 Be7 7. cxd5 exd5 8. Bd3 0-0 9. 0-0 Re8 10. Qd2 b6 11. Nb5 Ne4 12. Bxe4 Nf6 13. Bd3 c4 14. Bc2 Nh5 15. Bg3 Ba6 16. Nc3 b5 17. a3 Nf6 18. Rfe1 Qb6 19. e4 b4 20. axb4 Bxb4 21. e5 Ne4 22. Bxe4 dxe4 23. Rxe4 Bb7 24. Re3 Rad8 25. Rd1 Qa5 26. Qc2 Bd5 27. Ng5 g6 28. Nge4 Bxe4 29. Nxe4 Kg7 30. Qxc4 Rc8 31. Qd3 Red8 32. h4 Qd5 33. h5 a5 34. Bh4 Rf8 35. h6+ Kxh6 36. Bf6 Qxe5 37. Rh3+ Qh5 38. Qe3+ g5 39. Qxg5# 1-0